000
00197nam a2200085 4500
001
1254308
005
20251105144544.0
245
_a
TÜRKÇE SÖZLÜK
_c
KOMİSYON
260
_b
TÜRK DİL KURUMU YAYINLARI
999
_c
1254308
_d
1254308